000 01319pam a2200385 a 4500
001 013583728
003 EG-ScBUE
005 20241128101944.0
006 m||||fq||h 00| 0
008 061020t2008 caua f 001 0 eng d
020 _a9780321468543
020 _a0321468546
040 _aStDuBDS
_beng
_erda
_cStDuBDS
_dUk
_dEG-ScBUE
082 0 4 _a519.5
_222
_bWEI
100 1 _aWeiss, N. A.
_q(Neil A.)
_eauthor.
_934641
245 1 0 _aIntroductory statistics /
_cNeil A. Weiss, Department of Mathematics and Statistics, Arizona State University ; biographies by Carol A. Weiss.
250 _aEighth edition.
250 _aInternational edition.
264 1 _aSan Francisco, United States :
_aLondon :
_bPearson / Addison-Wesley,
_c[2008]
264 4 _cc2008
300 _axxviii, 848 pages :
_bcolor illustrations ;
_c26 cm +
_e1 CD
336 _2rdacontent
_atext
_btxt
336 _2rdacontent
_asounds
_bsnd
337 _aunmediated
_2rdamedia
_bn
337 _aaudio
_2rdamedia
_bs
338 _avolume
_bnc
_2rdacarrier
338 _acomputer disc
_bcd
_2rdacarrier
500 _aIncludes appendixes.
500 _aIncludes index.
650 7 _aStatistics.
_2BUEsh
_934642
653 _cDecember2013
655 _vReading book
_934232
700 1 _934640
_aWeiss, Carol A.,
_ecompiler.
942 _2ddc
_cBB
999 _c17857
_d17829